000 00360nam a2200133Ia 4500
008 151001s9999||||xx |||||||||||||| ||und||
100 _aसुरेश खरे
245 _aती वेळच तशी होती
250 _a1
260 _bप्रज्ञा प्रकाशन
260 _c1989
300 _a51
365 _b21
999 _c967824
_d967821